Normal view
MARC view
- Gallegos Navas, Miriam
Entry Nombre Personal
001 - NUMERO DE CONTROL
- campo de control: 52723
003 - IDENTIFICADOR DE NUMERO DE CONTROL
- campo de control: MX-MxUPN
005 - FECHA Y HORA DE LA ÜLTIMA TRANSACCIÓN
- campo de control: 20240710220057.0
008 - DATOS DE LONGITUD FIJA
- campo de control de longitud fija: 240710|| acn||aabn | aaa d
040 ## - FUENTE DE CATALOGACIÓN
- Agencia original de catalogación: MX-MxUPN
- Lenguaje de catalogación: spa
- Agencia de transcripción: MX-MxUPN
100 1# - ENCABEZAMIENTO - NOMBRE PERSONAL
- Nombre personal: Gallegos Navas, Miriam
670 ## - FUENTE EN LA QUE SE LOCALIZARON DATOS
- Cita de la fuente: La inclusión de las TIC en la educación de personas con discapacidad: relatos de experiencias, 2018 :
- Información localizada: portada (Miriam Gallegos Navas)
- Uniform Resource Identifier: https://doi.org/10.7476/9789978104958
902 ## - CATALOGADOR
- Catalogador: MaríaRobles/100724
